000 00861nam a2200253Ia 4500
003 OSt
005 20220927110753.0
006 a|||||r|||| 00| 0
007 ta
008 220926b |||||||| |||| 00| 0 eng d
024 _a101092
037 _cReports
040 _aRTL
_cRTL
_beng
041 _2eng
_aeng
082 _a"X9(KZ2:6).213.N7t, L0/GD"
110 _a"Karnataka, Project Formulation Evaluation and Manpower (D/O)"
_9380186
245 0 _aEvaluation report of artificial in semination scheme
260 _aBangalore
_bProject Formulation Evaluation and Manpower India
_c1970
300 _a92p.
_ccm.
650 _aAnimal Husbandry Industry
700 _a"Karnataka, Project Formulation Evaluation and Manpower (D/O)"
_9380187
942 _h"X9(KZ2:6).213.N7t, L0/GD"
_cCC
999 _c697854
_d697854